| 000 | 02830cam a2200385 a 4500 | ||
|---|---|---|---|
| 001 | ocn423562724 | ||
| 003 | TZ-ArACH | ||
| 005 | 20111214103517.0 | ||
| 008 | 080228s2008 caua b 001 0 eng | ||
| 010 | _a 2003012769 | ||
| 015 |
_aGBA825080 _2bnb |
||
| 016 | 7 |
_a014536907 _2Uk |
|
| 020 | _a9780520256415 (pbk.) | ||
| 020 | _a0520256417 (pbk.) | ||
| 035 |
_a(OCoLC)423562724 _z(OCoLC)188535980 _z(OCoLC)213111093 |
||
| 040 |
_aUKM _cTZ-ArACH _dYDXCP _dBAKER _dXPJ _dAU@ _dSMU _dNOR _dTTU _dU5D _dALAUL _dCNMBL |
||
| 041 | _aEng | ||
| 042 | _aukblcatcopy | ||
| 049 | _aTZAA | ||
| 050 | 4 |
_aJC571 _b.I73 |
|
| 082 | 0 | 4 |
_a323.09 _222 |
| 100 | 1 |
_aIshay, Micheline. _94032 |
|
| 245 | 1 | 4 |
_aHistory of human rights : from ancient times to the globalization era _bfrom ancient times to the globalization era / _cMicheline R. Ishay. |
| 260 |
_aBerkeley, Calif. ; _aLondon : _bUniversity of California Press, _cc2008. |
||
| 300 |
_axxiii, 450 p. : _bill. ; _c23 cm. |
||
| 500 | _aPrevious ed.: 2004. | ||
| 504 | _aIncludes bibliographical references and index. | ||
| 505 | 0 | _aEarly ethical contributions to human rights -- Human rights and the Enlightenment: the development of a liberal and secular perspective on human rights -- Human rights and the industrial age: the development of a socialist perspective on human rights -- The world wars: the institutionalization of international rights and the right to self-determination -- Globalization and its impact on human rights -- Promoting human rights in the twenty-first century: the changing arena of struggle. | |
| 520 | _aMicheline Ishay recounts the dramatic struggle for human rights across the ages in a book that brilliantly synthesizes historical and intellectual developments from the Mesopotamian Codes of Hammurabi to today's era of globalization. As she chronicles the clash of social movements, ideas, and armies that have played a part in this struggle, Ishay illustrates how the history of human rights has evolved from one era to the next through texts, cultural traditions, and creative expression. Writing with verve and extraordinary range, she develops a framework for understanding contemporary issues from the debate over globalization to the intervention in Kosovo to the climate for human rights after September 11, 2001. The only comprehensive history of human rights available, the book will be essential reading for anyone concerned with humankind's quest for justice and dignity. | ||
| 650 | 0 |
_aHuman rights _xHistory. _94033 |
|
| 650 | 6 |
_aDroits de l'homme (Droit international) _xHistoire. _94034 |
|
| 942 |
_2lcc _cBOOK |
||
| 999 |
_c1483 _d1483 |
||